书目信息 |
| 题名: |
珍爱生命
|
|
| 作者: | 张安顺 , 张金平, , 郑鹏, 编著 | |
| 分册: | ||
| 出版信息: | 北京 人民日报出版社 2022.05 |
|
| 页数: | 208页 | |
| 开本: | 24cm | |
| 丛书名: | ||
| 单 册: | ||
| 中图分类: | X928 | |
| 科图分类: | ||
| 主题词: | 安全事故--an quan shi gu--事故预防 | |
| 电子资源: | ||
| ISBN: | 978-7-5115-7282-0 | |
| 000 | 01681nam0 2200253 450 | |
| 001 | 24843 | |
| 005 | 20220918110850.57 | |
| 010 | @a978-7-5115-7282-0@dCNY59.80 | |
| 100 | @a20220629d2022 em y0chiy50 ea | |
| 101 | 0 | @achi |
| 102 | @aCN@b110000 | |
| 105 | @ay z 000yy | |
| 200 | 1 | @a珍爱生命@Azhen ai sheng ming@e安全生产事故隐患排查与习惯性违章防范@f张安顺, 张金平, 郑鹏编著 |
| 210 | @a北京@c人民日报出版社@d2022.05 | |
| 215 | @a208页@d24cm | |
| 314 | @a张安顺, 教授, 山西省总工会干部学校原党委书记、第一副校长。长期从事工会理论、劳动法、工会法、劳动安全卫生、劳动合同、集体合同、职工民主管理、社会保障、工会女职工工作、婚姻家庭法等方面的教学与研究工作, 应邀到全国各地讲课干余场次。张金平, 1972年生, 内蒙古呼伦贝尔市人, 中共党员, 工学硕士。现任中国华能集团有限公司包头第一热电厂厂长、党委副书记, 包头市政协委员。郑鹏, 1970年生, 中共党员。山西鹏飞集团董事局主席兼总裁, 山西省民营企业家协会副会长, 山西省焦化行业协会副会长。对企业安全管理与教育工作具有丰富的实践经验, 曾获山西省五一劳动奖章。 | |
| 330 | @a本书内容包括: 安全重于泰山, 生命最为珍贵、事故隐患险在“隐”, 彻底排查保安全、事故有规律, 将事故扼杀在“征兆”阶段、做好安全生产教育培训, 提高事故排查专业技能、建立事故隐患排查体系, 健全安全应急预案与治理机制、加强员工自检自查, 不做习惯性违章的牺牲品、杜绝违章操作, 严守规章制度、严禁违章指挥, 保持高度责任心、严格职业纪律, 把好安全生产关、反习惯性违章, 规范的生产行为让生命更安全。 | |
| 606 | 0 | @a安全事故@Aan quan shi gu@x事故预防 |
| 690 | @aX928@v5 | |
| 701 | 0 | @a张安顺@Azhang an shun@4编著 |
| 701 | 0 | @a张金平,@Azhang jin ping@f1972-@4编著 |
| 701 | 0 | @a郑鹏,@Azheng peng@f1970-@4编著 |
| 801 | 0 | @aCN@c20220910 |
| 905 | @a河南城建学院图书馆@dX928@eZ070@f2 | |
| 珍爱生命:安全生产事故隐患排查与习惯性违章防范/张安顺, 张金平, 郑鹏编著.-北京:人民日报出版社,2022.05 |
| 208页;24cm |
| ISBN 978-7-5115-7282-0:CNY59.80 |
| 本书内容包括: 安全重于泰山, 生命最为珍贵、事故隐患险在“隐”, 彻底排查保安全、事故有规律, 将事故扼杀在“征兆”阶段、做好安全生产教育培训, 提高事故排查专业技能、建立事故隐患排查体系, 健全安全应急预案与治理机制、加强员工自检自查, 不做习惯性违章的牺牲品、杜绝违章操作, 严守规章制度、严禁违章指挥, 保持高度责任心、严格职业纪律, 把好安全生产关、反习惯性违章, 规范的生产行为让生命更安全。 |
| ● |
| 相关链接 |
|
|
|
正题名:珍爱生命
索取号:X928/Z070
 
预约/预借
| 序号 | 登录号 | 条形码 | 馆藏地/架位号 | 状态 | 备注 |
| 1 | 1575301 | 215753012 | 自科库501/501自科库 120排2列2层/ [索取号:X928/Z070] | 在馆 | |
| 2 | 1575302 | 215753021 | 自科库501/501自科库 120排2列2层/ [索取号:X928/Z070] | 在馆 |